Trenerzy Mistrzów Anglii w XXI wieku - Statystyki

Ogólne statystyki
  • Ten quiz został rozwiązany 138 razy
    65 od ostatniego zresetowania
  • Średni wynik to 22 z 25
Statystyki odpowiedzi
Sezon Klub Trener % Poprawnych
2023/24 Manchester City Pep Guardiola
100%
2022/23 Manchester City Pep Guardiola
100%
2021/22 Manchester City Pep Guardiola
100%
2020/21 Manchester City Pep Guardiola
100%
2018/19 Manchester City Pep Guardiola
100%
2017/18 Manchester City Pep Guardiola
100%
2012/13 Manchester United Alex Ferguson
98%
2010/11 Manchester United Alex Ferguson
98%
2008/09 Manchester United Alex Ferguson
98%
2007/08 Manchester United Alex Ferguson
98%
2006/07 Manchester United Alex Ferguson
98%
2002/03 Manchester United Alex Ferguson
98%
2000/01 Manchester United Alex Ferguson
98%
2019/20 Liverpool Jurgen Klopp
97%
2003/04 Arsenal Arsene Wenger
90%
2001/02 Arsenal Arsene Wenger
90%
2014/15 Chelsea Jose Mourinho
88%
2005/06 Chelsea Jose Mourinho
88%
2004/05 Chelsea Jose Mourinho
88%
2024/25 Liverpool Arne Slot
87%
2016/17 Chelsea Antonio Conte
77%
2011/12 Manchester City Roberto Mancini
70%
2015/16 Leicester City Claudio Ranieri
65%
2013/14 Manchester City Manuel Pellegrini
63%
2009/10 Chelsea Carlo Ancelotti
57%
Nie znaleziono quizów pasujących do podanych kryteriów
Rozkład punktacji
Procent ludzi z każdym wynikiem
Percentyl według liczby udzielonych odpowiedzi
Twoja historia wyników
Nie rozwiązałeś tego quizu od ostatniego zresetowania